Si Duglit, and dugong makulit : (Record no. 106344)
[ view plain ]
| 000 -LEADER | |
|---|---|
| fixed length control field | 00370nam a2200145 a 4500 |
| 003 - CONTROL NUMBER IDENTIFIER | |
| control field | 0 |
| 005 - DATE AND TIME OF LATEST TRANSACTION | |
| control field | 20170412120733.0 |
| 008 - FIXED-LENGTH DATA ELEMENTS--GENERAL INFORMATION | |
| fixed length control field | 110218s19uu xx 00 eng d |
| 050 ## - LIBRARY OF CONGRESS CALL NUMBER | |
| Classification number | FIL E |
| Item number | G22 1995 |
| 100 ## - MAIN ENTRY--PERSONAL NAME | |
| Personal name | Gatmaitan, Luis |
| 245 ## - TITLE STATEMENT | |
| Title | Si Duglit, and dugong makulit : |
| Remainder of title | Duglit, the pesky red blood cell. |
| 260 ## - PUBLICATION, DISTRIBUTION, ETC. (IMPRINT) | |
| Name of publisher, distributor, etc | Hiyas. |
| 942 ## - ADDED ENTRY ELEMENTS (KOHA) | |
| Source of classification or shelving scheme | Dewey Decimal Classification |
| Koha item type | Books |
| Withdrawn status | Lost status | Source of classification or shelving scheme | Damaged status | Home library | Current library | Shelving location | Date acquired | Source of acquisition | Total Checkouts | Full call number | Barcode | Date last seen | Price effective from | Koha item type |
|---|---|---|---|---|---|---|---|---|---|---|---|---|---|---|
| Dewey Decimal Classification | Elizalde Library | Elizalde Library | Filipiniana Section | 02/18/2011 | Donation | FIL E G22 1995 | E11610 | 04/12/2014 | 04/12/2014 | Books |